Meranie ekonomického rastu a jeho význam pre hospodársku politiku

Ekonomický rast – cieľ hospodárskej politiky. Ekonomický rast – nevýhody merania pomocou HDP. Alternatívne ukazovatele merania ekonomického rastu. Better Life index (BLI). BLI za jednotlivé krajiny v roku 2012. BLI za Slovensko a priemer OECD.

Saved in:
Bibliographic Details
Main Author: Blašková, Mária
Other Authors: Vondrová, Andrea, 1987-
Format: Book Chapter
Language:Slovak
Subjects:
Tags: Add Tag
No Tags, Be the first to tag this record!

MARC

LEADER 00000nla a2200000 4500
001 0170036
005 20240502072938.2
041 0 |a slo 
044 |a SK 
245 1 0 |a Meranie ekonomického rastu a jeho význam pre hospodársku politiku  |c Mária Blašková, Andrea Vondrová 
520 |a Ekonomický rast – cieľ hospodárskej politiky. Ekonomický rast – nevýhody merania pomocou HDP. Alternatívne ukazovatele merania ekonomického rastu. Better Life index (BLI). BLI za jednotlivé krajiny v roku 2012. BLI za Slovensko a priemer OECD. 
610 2 0 |a rast hospodársky 
610 2 0 |a meranie 
610 2 0 |a ukazovatele 
610 2 0 |a ukazovatele ekonomické 
100 1 |a Blašková, Mária 
700 1 |a Vondrová, Andrea, 1987-